|
|
|
|
| LEADER |
00000nab a2200000 a 4500 |
| 001 |
vtls000366354 |
| 003 |
SK-MaSNL |
| 005 |
20260304053549.0 |
| 008 |
111202c1989 xo 0 slo |
| 015 |
|
|
|a SNBRB19rr/mm-uuuuu
|
| 035 |
|
|
|a CL0366476
|
| 040 |
|
|
|a SNKBUCL
|b slo
|c SNKBUCL
|e AACR2
|
| 041 |
0 |
|
|a slo
|
| 044 |
|
|
|a xo
|c SK
|
| 080 |
|
|
|a 323(100-11)(498)
|2 1981
|
| 080 |
|
|
|a 323.233
|2 1981
|
| 080 |
|
|
|a 351.749
|2 1981
|
| 080 |
|
|
|a 355/359(100-11)(498)
|2 1981
|
| 100 |
1 |
|
|a (fm)
|4 aut
|9 900363
|
| 245 |
1 |
0 |
|a Solidarita v osudových chvíľach
|b Československí občania súcitia s rumunským ľudom
|c (fm)
|
| 300 |
|
|
|b Obr. 1.
|
| 650 |
0 |
7 |
|a vnútorná politika
|2 snkbucl
|9 970
|
| 650 |
0 |
7 |
|a kríza vnútropolitická
|2 snkbucl
|9 959881
|
| 650 |
0 |
7 |
|a armáda rumunská
|2 snkbucl
|9 1327917
|
| 651 |
|
7 |
|a Rumunsko
|2 snkbucl
|9 17409
|
| 655 |
|
7 |
|a články z novín a časopisov
|2 snkbucl
|9 267496
|
| 773 |
0 |
|
|t Pravda
|g Roč. 70, č. 303 (24. 12. 1989), s. 1 a 2
|
| 850 |
|
|
|a Slovenská národná knižnica v Martine
|a MTA001
|
| 852 |
|
|
|a SNK
|b KIS3GCP
|
| 958 |
|
|
|a RK
|
| 992 |
|
|
|a RBX
|
| 999 |
|
|
|c 2714022
|d 2715952
|